Wszystkie przystanki tramwajowe linii numer 15 we Wrocławiu - Statystyki

Ogólne statystyki
  • Ten quiz został rozwiązany 7 razy
  • Średni wynik to 17 z 24
Statystyki odpowiedzi
Hint Odpowiedź % Poprawnych
1 Park Południowy
100%
11 pl. Legionów
100%
12 pl. Orląt Lwowskich
100%
5 Wiśniowa
100%
10 Arkady Capitol
80%
20 Broniewskiego
80%
8 Dworzec Autobusowy
80%
9 Dworzec Główny ( Stawowa )
80%
18 Dworzec Nadodrze
80%
21 Kamieńskiego
80%
14 Kępa Mieszczańska
80%
13 pl. Jana Pawła II
80%
15 Pomorska
80%
24 Poświętne
80%
16 Dubois
60%
2 Pułtuska
60%
7 Sanocka
60%
19 Trzebnicka
60%
6 Uniwersytet Ekonomiczny
60%
3 Weigla
60%
23 Wołowska
60%
4 Jaworowa
40%
22 Kępińska
40%
17 Paulińska
40%
Nie znaleziono quizów pasujących do podanych kryteriów
Rozkład punktacji
Procent ludzi z każdym wynikiem
Percentyl według liczby udzielonych odpowiedzi
Twoja historia wyników
Nie rozwiązałeś tego quizu